书目信息 |
| 题名: |
6759对药物配伍速查与释疑手册
|
|
| 作者: | 李国锋 , 杨凌 主编 | |
| 分册: | ||
| 出版信息: | 北京 化学工业出版社 2017.1 |
|
| 页数: | 58,555页 | |
| 开本: | 26cm | |
| 丛书名: | ||
| 单 册: | ||
| 中图分类: | R942-62 | |
| 科图分类: | ||
| 主题词: | 药物--配伍禁忌--手册 | |
| 电子资源: | ||
| ISBN: | 978-7-122-19442-8 | |
| 000 | 00900nam0 2200253 450 | |
| 001 | 0400002939 | |
| 005 | 20171021161758.0 | |
| 010 | @a978-7-122-19442-8@dCNY99.00 | |
| 100 | @a20150108d2017 em y0chiy50 ea | |
| 101 | 0 | @achi |
| 102 | @aCN@b110000 | |
| 105 | @ay z 000yy | |
| 106 | @ar | |
| 200 | 1 | @a6759对药物配伍速查与释疑手册@96759 dui yao wu pei wu su cha yu shi yi shou ce@f李国锋,杨凌主编 |
| 210 | @a北京@c化学工业出版社@d2017.1 | |
| 215 | @a58,555页@d26cm | |
| 320 | @a有书目(第553-555页) | |
| 330 | @a本书中对临床常用的351种药物间存在配伍不当的药物进行了配对整理,汇总了6793对存在禁忌配伍和慎用配伍的药对。共分为两篇,第一篇是配伍速查,第二篇是不合理配伍原因的释疑。 | |
| 606 | 0 | @a药物@x配伍禁忌@j手册 |
| 690 | @aR942-62@v5 | |
| 701 | 0 | @a李国锋@9li guo feng@4主编 |
| 701 | 0 | @a杨凌@9yang ling@4主编 |
| 801 | 0 | @aCN@b91MARC@c20171021 |
| 905 | @b1032990-4@dR942-62@f5@e124 | |
| 6759对药物配伍速查与释疑手册/李国锋,杨凌主编.-北京:化学工业出版社,2017.1 |
| 58,555页;26cm |
| ISBN 978-7-122-19442-8:CNY99.00 |
| 本书中对临床常用的351种药物间存在配伍不当的药物进行了配对整理,汇总了6793对存在禁忌配伍和慎用配伍的药对。共分为两篇,第一篇是配伍速查,第二篇是不合理配伍原因的释疑。 |
| ● |
| 相关链接 |
|
|
|
|
正题名:6759对药物配伍速查与释疑手册
索取号:R942-62/124
 
预约/预借
| 序号 | 登录号 | 条形码 | 馆藏地/架位号 | 状态 | 备注 |
| 1 | 1032990 | 210329900 | 第二样本阅览室/ [索取号:R942-62/124] | 在馆 | |
| 2 | 1032991 | 210329919 | 第三借阅区/ [索取号:R942-62/124] | 在馆 | |
| 3 | 1032992 | 210329928 | 第三借阅区/ [索取号:R942-62/124] | 在馆 | |
| 4 | 1032993 | 210329937 | 第三借阅区/ [索取号:R942-62/124] | 在馆 | |
| 5 | 1032994 | 210329946 | 密集书库-生命科学系/ [索取号:R942-62/124] | 在馆 |